| 000 | 00898cam a22002411i 4500 | ||
|---|---|---|---|
| 003 | SA-RiAUC | ||
| 005 | 20250211074035.0 | ||
| 008 | 250130s2003 jo g 000 0 ara c | ||
| 040 |
_aSA-JeALM _bara _cSA-RiAUC _erda |
||
| 082 | 0 | 4 | _a260 |
| 090 |
_a260 _bم ح م |
||
| 100 | 1 |
_aمحمد، يوسف خطار، _d1963- _eمؤلف. |
|
| 245 | 1 | 2 |
_aالموسوعة اليوسفية في بيان أدلة الصوفية / _cيوسف خطار محمد ؛ تقديم نخبة من العلماء. |
| 250 | _aالطبعة الرابعة. | ||
| 264 | 1 |
_aدمشق : _bيوسف خطار محمد ؛ _c2002 |
|
| 300 |
_a2 مجلد في 1 _c24 سم |
||
| 336 |
_aنص _btxt _2rdacontent _3كتاب |
||
| 337 |
_aبدون وسيط _bn _2rdamedia |
||
| 338 |
_aمجلد _bnc _2rdacarrier |
||
| 650 | 7 |
_aالتصوف الإسلامي _2aucsh |
|
| 942 |
_2ddc _cBOOK _n0 |
||
| 949 |
_aSA-JeALM _d250130 _uosman123 _n1 |
||
| 999 |
_c5819 _d5819 |
||